00225nam a22000737a 4500100002400000245006300024260005500087300000900142 aAshani, L.G.Vimanga aEffect of ascorbic acid in ready to serve fruit beverages/ aRajagiriya:bInstitute of Chemistry ceylon,c2017. a48p;